000 00916cam a2200229 4500
001 ABS62570
008 000000n2000 000 0 eng u
035 _a(Sirsi) u107393
100 _aLandin, A.
245 _aISO 9001 within the Swedish construction sector
260 _c2000
490 _aConstruction Management and Economics
_v18(5) 2000, 509-518(10)
520 _aA study which analyses how the ISO 9000 framework can be used in the construction process. Data was compiled from twelve companies in Sweden that applied the quality system standard ISO 9001. Discusses methodology, the quality management approach, and ISO 9001 versus the construction process. Table. References.
590 _aABS
650 _aISO 9001: 2000
650 _aSWEDEN
650 _aCERTIFICATION
650 _aQUALITY MANAGEMENT
650 _aISO 9000
690 _aBUILDING AND CONSTRUCTION-MANAGEMENT
942 _n0
999 _c64209
_d64209